000 01994cam a2200301 4500500
005 20251228050048.0
041 _afre
042 _adc
100 1 0 _aVetö, Miklos
_eauthor
245 0 0 _aLe passé selon Bergson
260 _c2005.
500 _a29
520 _aLa pensée de Bergson est une philosophie de la durée. Or la durée n’est pas un flux, un devenir sans borne. Elle a une structure propre dont les moments essentiels sont le passé et le présent. A travers la comparaison de la perception et du souvenir, passé et présent apparaissent comme distincts selon la nature, non seulement selon le degré. Ce sont des catégories eidétiques sui generis, des formes générales dont la vérité ne se réduit pas à leur place dans la succession. Elles exposent la facture essentiellement temporelle de cette philosophie de l’hétérogénéité qu’est le bergsonisme.
520 _aBergson’s thought is known as a philosophy of duration. Yet duration should not be understood as a flux, as an unbounded becoming. Duration does have a structure of its own whose essential elements are the two tenses of past and present. Through the comparison of perception and remembering past and future display their essential distinction. They are eidetical categories, general forms not to be understood only in terms of their respective place in temporal succession. The comparative analysis of past and present demonstrates the temporal essence of Bergson’ s metaphysics of heterogeneity.
690 _aDu temps
690 _aEidétique
690 _aHétérogénéité
690 _aMémoire
690 _aSouvenir
690 _aEidetics
690 _aHeterogeneity
690 _aMemory
690 _aOf time
690 _aPerception
690 _aSouvenir
786 0 _nArchives de philosophie | 68 | 1 | 2005-03-01 | p. 5-31 | 0003-9632
856 4 1 _uhttps://shs.cairn.info/revue-archives-de-philosophie-2005-1-page-5?lang=fr&redirect-ssocas=7080
999 _c1579722
_d1579722